00502 2200217 4500001002100000005001500021035002000036245004100056100001800097250000600115300002400121260004100145082001000186084001600196020001800212600001800230990000900248990000900257990000900266990000900275INLIS00000000000005320251029071748 a0010-10250000391 aSurat -Surat Bisnis /cAulia Gunawan0 aAulia Gunawan a1 a172 hlm. ;c22,5cm. aYogyakarta :bBest Publisher,c2009. a651.6 a651.6 AUL s a9789791981781 4aAulia Gunawan a1742 a1743 a1744 a1745